| 000 | 00531nam a2200193Ia 4500 | ||
|---|---|---|---|
| 003 | OSt | ||
| 005 | 20240812115740.0 | ||
| 008 | 210210b1933 xxu||||| |||| 00| 0 eng d | ||
| 040 | _cAL | ||
| 041 | _aMalayalam | ||
| 082 | _a871/99 | ||
| 100 |
_aKAMAKATH PADMANABA (Menon) _d കമ്മറ്റി പട്നാനാഭാ മേനോൻ _9176508 |
||
| 245 |
_aBharatham _bഭാരതം |
||
| 260 |
_b- _c1933 |
||
| 650 |
_aBharatham _9176509 |
||
| 690 |
_aMalayalam _9176510 |
||
| 906 | _a002411 | ||
| 942 |
_2ddc _cBK |
||
| 999 |
_c124342 _d124342 |
||